Historia del tiempo : (Record no. 22460)

000 -CABECERA
fixed length control field 00839nam a22002297a 4500
003 - IDENTIFICADOR DEL NÚMERO DE CONTROL
control field AR-CdUCM
008 - DATOS DE LONGITUD FIJA--INFORMACIÓN GENERAL
fixed length control field 190319b ||||| |||| 00| 0 spa d
020 ## - NÚMERO INTERNACIONAL ESTÁNDAR DEL LIBRO
ISBN 9786124753206
040 ## - FUENTE DE LA CATALOGACIÓN
Agencia/entidad que catalogó originalmente la obra MUNICIPALIDAD PROVINCIAL DEL CUSCO
Entidad que transcribió la catalogación BIBLIOTECA MUNICIPAL DEL CUSCO
082 ## - NÚMERO DE LA CLASIFICACIÓN DECIMAL DEWEY
No. de Clasificación 523.1/H27H
Notacion interna H27H
100 ## - ENTRADA PRINCIPAL--NOMBRE DE PERSONA
Nombre Personal Hawking, Stephen
245 ## - MENCIÓN DE TÍTULO
Título Historia del tiempo :
Resto del título del big bang a los agujeros negros /
Mención de responsabilidad Stephen W. Hawking, traducción castellana de Miguel Ortuño
260 ## - PUBLICACIÓN, DISTRIBUCIÓN, ETC.
Lugar de publicación, distribución, etc. Barcelona :
-- lima :
Nombre de la editorial, distribuidor, etc. Crítica,
-- Aleph,
Fecha de publicación, distribución, etc. 2020.
300 ## - DESCRIPCIÓN FÍSICA
Nº de Páginas Extensión 245 Páginas. :
Otros detalles físicos ilustraciones ;
Dimensiones 23 cm.
650 ## - PUNTO DE ACCESO ADICIONAL DE MATERIA--TÉRMINO DE MATERIA
Descriptor Cosmología
9 (RLIN) 13090
650 ## - PUNTO DE ACCESO ADICIONAL DE MATERIA--TÉRMINO DE MATERIA
Descriptor Universo
9 (RLIN) 18615
650 ## - PUNTO DE ACCESO ADICIONAL DE MATERIA--TÉRMINO DE MATERIA
Descriptor Materia
9 (RLIN) 883
700 ## - PUNTO DE ACCESO ADICIONAL--NOMBRE DE PERSONA
Nombre Personal Ortuño, Miguel
9 (RLIN) 48248
942 ## - ELEMENTOS DE PUNTO DE ACCESO ADICIONAL (KOHA)
Fuente de clasificación
Tipo de item Libros-BMC
945 ## - PROCESAMIENTO DE INFORMACIÓN LOCAL (OCLC)
Catalogador rac
Holdings
Estado de retiro (separado) Fuente de clasificación o esquema de estanterías Estado dañado Ubicación Sala donde se ubica Nombre de la colección Fecha de adquisición o compra Fuente de adquisición Costo, precio normal en soles Signatura topográfica Código de Barras Última vez visto (Koha) Tipo de ítem (Koha)
No     Sala Ciencias Sala Ciencias Book Cart 2022-08-25 Donación 69.00 523.1/H27H SC0000002327 2022-08-25 Libros-BMC
No     Sala Ciencias Sala Ciencias Book Cart 2022-08-25 Donación 69.00 523.1/H27H/e.2 SC0000002328 2022-08-25 Libros-BMC

Powered by Koha